01803nam a2200241 450000500170000002000340001704000200005108200170007110000250008824501120011325000120022526000310023730000350026850400470030350508510035052002080120154600090140965000290141865000340144765000230148165000340150470000230153820250711081923.0 a 9780470034675cTZS 256,667/= aMULbeng.eAACR a658.4038 PEP aPEPPARD, J. (Author) aThe strategic management of information systems : bbuilding a digital strategyc/Joe Peppard and John Ward a4th ed. aHoboken:bWiley, cc 2016. a xvi, 483 p. :bill. ;c25 cm. aIncludes references and index p. 469 - 483 aPreface The evolving role of information systems and technology in organizations : a strategic perspective An overview of strategic management and the IS/IT strategy implications Establishing an effective process for developing information systems and technology (or digital) strategies IS/IT strategic analysis : achieving alignment with business operations and strategy Innovating with technology, systems and information Exploiting information systems for strategic advantage Determining the business information systems strategy Managing the portfolio of business applications Justifying and managing information systems and technology investments An organizing framework for the strategic management of IS/IT Strategic management of IT services and infrastructure The strategic management of information systems : quo vadis? Conclusion Index aThis new edition focuses on strategic management. It explores the impact that information systems have on business performance and the contribution they make to the strategic development of organisations aeng. aBusiness data processing aBusiness communication system aStrategic planning aManagement information system aWARD, J.c(Author)